Southville International School and Colleges
Your cart is empty.
  • Cart
  • Lists
    Public lists Eva Luna New books Lux_list list_1
    Your lists Log in to create your own lists
  • Log in to your account
  • Your cookies
  • Search history
Southville International School and Colleges
  • Advanced search
  • Recent comments
  • Most popular
  • Libraries

Log in to your account

Log in with GOOGLE


If you do not have an external account, but do have a local account, you can still log in:

  1. Home
  2. MARC view: Public speaking and personality development /
Normal view MARC view ISBD view

Public speaking and personality development / (Record no. 293506)

[ view plain ]
MARC details
000 -LEADER
fixed length control field 00620nam a2200241Ia 4500
003 - CONTROL NUMBER IDENTIFIER
control field SMC
005 - DATE AND TIME OF LATEST TRANSACTION
control field 20170130131141.0
008 - FIXED-LENGTH DATA ELEMENTS--GENERAL INFORMATION
fixed length control field 160418s9999 xx 000 0 und d
020 ## - INTERNATIONAL STANDARD BOOK NUMBER
International Standard Book Number 978-971-27-2268-4
050 ## - LIBRARY OF CONGRESS CALL NUMBER
Classification number FIL PN 4129
050 ## - LIBRARY OF CONGRESS CALL NUMBER
Item number .C78 2009
100 ## - MAIN ENTRY--PERSONAL NAME
Personal name Cruz, Tapalla Wilma.
245 ## - TITLE STATEMENT
Title Public speaking and personality development /
245 ## - TITLE STATEMENT
Statement of responsibility, etc Wilma Cruz-Tapalla, Valerie Cruz-Tapalla.
260 ## - PUBLICATION, DISTRIBUTION, ETC. (IMPRINT)
Place of publication, distribution, etc Manila :
260 ## - PUBLICATION, DISTRIBUTION, ETC. (IMPRINT)
Name of publisher, distributor, etc Anvil Pub. Inc.,
260 ## - PUBLICATION, DISTRIBUTION, ETC. (IMPRINT)
Date of publication, distribution, etc 2009
300 ## - PHYSICAL DESCRIPTION
Extent 250 pages :
300 ## - PHYSICAL DESCRIPTION
Other physical details illustrations ;
300 ## - PHYSICAL DESCRIPTION
Dimensions 22 cm.
650 ## - SUBJECT ADDED ENTRY--TOPICAL TERM
Topical term or geographic name as entry element Public speaking.
942 ## - ADDED ENTRY ELEMENTS (KOHA)
Source of classification or shelving scheme Library of Congress Classification
Koha item type Books
Holdings
Withdrawn status Lost status Damaged status Home library Current library Shelving location Date acquired Cost, normal purchase price Total Checkouts Full call number Barcode Date last seen Price effective from Koha item type
      South Mansfield College South Mansfield College Filipiniana Section 02/14/2011 495.00   FIL PN 4129 .C78 2009 SMC05522 04/18/2016 04/18/2016  

Public speaking and personality development /

APA

Cruz T. W., .Public speaking and personality development. Manila: .

Chicago

Cruz Tapalla Wilma, .Public speaking and personality development. Manila: .

Harvard

Cruz T. W., .Public speaking and personality development. Manila: .

MLA

Cruz Tapalla Wilma, .Manila: . .

  • Place hold
  • Print
  • Cite
  • Add to your cart (remove)
  • Save record
    BIBTEX Dublin Core MARCXML MARC (non-Unicode/MARC-8) MARC (Unicode/UTF-8) MARC (Unicode/UTF-8, Standard) MODS (XML) RIS
  • More searches
    Search for this title in:
    Other Libraries (WorldCat) Other Databases (Google Scholar) Online Stores (Bookfinder.com) Open Library (openlibrary.org)

Exporting to Dublin Core...

SOUTHVILLE LIBRARY

Southville International School and Colleges Library

1281 Tropical Ave. Cor. Luxembourg St., BF Homes International, Las Pinas City

Tel. No. 8256374 / 252358 Loc. 117/146

Powered by Koha